[Event "Omegna op-B 2nd"]
[Site "Omegna"]
[Date "2014.08.10"]
[Round "4"]
[White "Agnello, Francesco Claudio"]
[Black "Resch, Aaron"]
[Result "1-0"]
[WhiteElo "1836"]
[BlackElo "1741"]
[PlyCount "151"]
[EventDate "2014.08.08"]
[EventType "swiss"]
[EventRounds "5"]
[EventCountry "ITA"]
[SourceTitle "EXT 2015"]
[Source "ChessBase"]
[SourceDate "2014.11.20"]
[SourceVersion "1"]
[SourceVersionDate "2014.11.20"]
[SourceQuality "1"]

1. e4 b6 2. d4 Bb7 3. Nc3 e6 4. Nge2 Ne7 5. Be3 d6 6. f3 Nd7 7. g3 g6 8. Bg2 Bg7 9. 0-0 h6 10. Qd2 a6 11. f4 0-0 12. f5 exf5 13. Bxh6 Nf6 14. Bxg7 Kxg7 15. d5 Rb8 16. Qd4 Neg8 17. exf5 Kh7 18. g4 Qe7 19. Rf3 Qe5 20. Rh3+ Kg7 21. Qxe5 dxe5 22. g5 Nh5 23. f6+ Ngxf6 24. gxf6+ Nxf6 25. Rd1 Rfd8 26. Rhd3 Rd6 27. Ng3 Rbd8 28. Nf1 Nh5 29. Ne2 a5 30. c4 Ba6 31. b3 c6 32. Nfg3 Nxg3 33. Nxg3 f5 34. Ne2 e4 35. Re3 cxd5 36. cxd5 Rxd5 37. Rxd5 Rxd5 38. Nc3 Rd2 39. a4 Kf6 40. Bxe4 Rd4 41. Bd5 Bc8 42. Bc4 Rd6 43. Rd3 Rxd3 44. Bxd3 Be6 45. Bc4 Bxc4 46. bxc4 Ke5 47. Nd5 Kd4 48. Nxb6 Kc5 49. Nd7+ Kxc4 50. Ne5+ Kb4 51. Nxg6 Kxa4 52. Ne5 Kb3 53. Nd3 Kc4 54. h4 Kd5 55. Kf2 Ke6 56. Ke3 Kf6 57. Nf4 a4 58. Kd3 a3 59. Kc2 Ke5 60. h5 Kxf4 61. h6 a2 62. Kb2 Kg3 63. h7 f4 64. h8Q f3 65. Qh1 Kf2 66. Kxa2 Ke2 67. Qh5 Ke3 68. Qe5+ Kf2 69. Kb2 Kf1 70. Kc2 f2 71. Qg3 Ke2 72. Qg2 Ke1 73. Kc3 Ke2 74. Kd4 Ke1 75. Ke3 f1N+ 76. Kd3 1-0

[Event "Omegna op-B 2nd"]
[Site "Omegna"]
[Date "2014.08.10"]
[Round "5"]
[White "Resch, Aaron"]
[Black "Trisconi, Alessio"]
[Result "1-0"]
[WhiteElo "1741"]
[BlackElo "1440"]
[PlyCount "106"]
[EventDate "2014.08.08"]
[EventType "swiss"]
[EventRounds "5"]
[EventCountry "ITA"]
[SourceTitle "EXT 2015"]
[Source "ChessBase"]
[SourceDate "2014.11.20"]
[SourceVersion "1"]
[SourceVersionDate "2014.11.20"]
[SourceQuality "1"]

1. g3 Nf6 2. Bg2 c6 3. b3 d5 4. Bb2 Bf5 5. d3 Nbd7 6. Nd2 Bg6 7. e3 e5 8. Ne2 Bd6 9. h3 Qc7 10. Nc3 0-0 11. e4 d4 12. Ne2 Bb4 13. 0-0 Qa5 14. Nc4 Qc7 15. a3 Be7 16. Kh2 b5 17. Nd2 Ne8 18. f4 exf4 19. Nxf4 Rc8 20. Bxd4 c5 21. Nd5 Qd6 22. e5 Qe6 23. Bb2 Nc7 24. Nxe7+ Qxe7 25. Re1 Bf5 26. Rc1 Be6 27. Ne4 Rfd8 28. Qf3 Ne8 29. Re2 b4 30. a4 a5 31. Rf1 Rc7 32. Qe3 Rdc8 33. Ref2 Rb8 34. Ng5 Nf8 35. Nxe6 Qxe6 36. Qe4 Rd8 37. Qc4 Qxc4 38. bxc4 Rdd7 39. Bd5 Re7 40. Bc1 Ne6 41. Be3 Nd4 42. Bxd4 cxd4 43. Rf4 g6 44. Kg2 Kf8 45. Re1 Ng7 46. g4 Ne6 47. Bxe6 Rxe6 48. Rxd4 Rce7 49. Rde4 f6 50. exf6 Rxe4 51. fxe7+ Rxe7 52. Rxe7 Kxe7 53. Kf3 Ke6 1-0

[Event "Omegna op-B 2nd"]
[Site "Omegna"]
[Date "2014.08.09"]
[Round "3"]
[White "Nanni, Sergio"]
[Black "Resch, Aaron"]
[Result "0-1"]
[WhiteElo "1706"]
[BlackElo "1741"]
[PlyCount "80"]
[EventDate "2014.08.08"]
[EventType "swiss"]
[EventRounds "5"]
[EventCountry "ITA"]
[SourceTitle "EXT 2015"]
[Source "ChessBase"]
[SourceDate "2014.11.20"]
[SourceVersion "1"]
[SourceVersionDate "2014.11.20"]
[SourceQuality "1"]

1. e4 b6 2. d4 Bb7 3. Nc3 e6 4. Nf3 d6 5. Bd3 Ne7 6. 0-0 g6 7. Bg5 Bg7 8. Qd2 h6 9. Bxe7 Qxe7 10. d5 e5 11. Bb5+ Nd7 12. Bc6 Bxc6 13. dxc6 Nc5 14. b4 Ne6 15. Nd5 Qd8 16. b5 0-0 17. g3 Kh7 18. Rae1 a6 19. a4 axb5 20. axb5 Ra3 21. Kg2 Qa8 22. Rb1 Qa7 23. Nh4 Rc8 24. c3 Nc5 25. Qe2 Ra2 26. Qg4 Re8 27. Qf3 Rf8 28. Nf6+ Bxf6 29. Qxf6 Nxe4 30. Qe7 Kg8 31. Rb4 Ng5 32. Qf6 Nh7 33. Qe7 Ng5 34. Rg4 Qb8 35. Qf6 Qe8 36. Kh1 Qe6 37. Qxe6 Nxe6 38. f4 h5 39. f5 hxg4 40. fxe6 fxe6 0-1

[Event "Florence op 6th"]
[Site "Florence"]
[Date "2012.11.04"]
[Round "6"]
[White "Engl, Stefan"]
[Black "Resch, Aaron"]
[Result "0-1"]
[WhiteElo "1857"]
[BlackElo "1692"]
[PlyCount "58"]
[EventDate "2012.11.01"]
[EventType "swiss"]
[EventRounds "7"]
[EventCountry "ITA"]
[SourceTitle "EXT 2014"]
[Source "ChessBase"]
[SourceDate "2013.11.20"]
[SourceVersion "1"]
[SourceVersionDate "2013.11.20"]
[SourceQuality "1"]

1. f4 b6 2. e4 Bb7 3. Nc3 g6 4. Nf3 Bg7 5. d4 e6 6. Bd3 Ne7 7. 0-0 0-0 8. Qe1 h6 9. Be3 Nbc6 10. a3 a6 11. f5 Kh7 12. Qh4 exf5 13. g4 fxg4 14. Ng5+ Kg8 15. Nxf7 Rxf7 16. Rxf7 Kxf7 17. Rf1+ Kg8 18. Bxh6 Bxd4+ 19. Kh1 Nf5 20. Qxg4 Ne5 21. Qh3 Qh4 22. Qxh4 Nxh4 23. Rf4 Nf5 24. Bg5 Rf8 25. Nd1 Nf7 26. Rg4 Nxg5 27. Rxg5 Nh4 28. h3 Rf4 29. Bc4+ Kg7 0-1

[Event "Arco op"]
[Site "Arco"]
[Date "2011.12.28"]
[Round "4"]
[White "Resch, Aaron"]
[Black "Engl, Alexander"]
[Result "0-1"]
[WhiteElo "1607"]
[BlackElo "1497"]
[PlyCount "77"]
[EventDate "2011.12.26"]
[EventType "swiss"]
[EventRounds "7"]
[EventCountry "ITA"]
[SourceTitle "EXT 2023"]
[Source "ChessBase"]
[SourceDate "2022.10.05"]
[SourceVersion "1"]
[SourceVersionDate "2022.10.05"]
[SourceQuality "1"]

1. e4 d5 2. exd5 Nf6 3. d4 c6 4. dxc6 Nxc6 5. Nf3 Bg4 6. c3 e5 7. Be2 exd4 8. Nxd4 Nxd4 9. Qxd4 Qxd4 10. cxd4 Rd8 11. Be3 Bd6 12. Nc3 0-0 13. h3 Bxe2 14. Kxe2 a6 15. f3 Rfe8 16. Kf2 Bg3+ 17. Kxg3 Rxe3 18. Kf2 Rd3 19. Rad1 R8xd4 20. Rxd3 Rxd3 21. Ke2 Rd7 22. Rd1 Rxd1 23. Kxd1 Kf8 24. Kd2 Ke7 25. Ne4 b6 26. Kd3 Nxe4 27. fxe4 Ke6 28. Kd4 f6 29. h4 h5 30. g3 Kd6 31. b4 b5 32. Ke3 Ke5 33. a3 g5 34. Kf3 Kd4 35. e5 Kxe5 36. g4 hxg4+ 37. Kxg4 gxh4 38. Kxh4 Ke4 39. Kg3 0-1